Jedinečné prostredie pre sporenie na dôchodok druhý pilier zažil množstvo zmien a onedlho ho čakajú ďalšie
Rozhovor s Jozefom Paškom predsedom predstavenstva Allianz - Slovenská dôchodková správcovská spoločnosť o zmenách v druhom dôchodkovom pilieri.
Saved in:
| Main Author: | |
|---|---|
| Other Authors: | |
| Format: | Book Chapter |
| Language: | Slovak |
| Subjects: | |
| Tags: |
No Tags, Be the first to tag this record!
|
MARC
| LEADER | 00000nla a2200000 4500 | ||
|---|---|---|---|
| 001 | 0163614 | ||
| 005 | 20240502072839.0 | ||
| 041 | 0 | |a slo | |
| 044 | |a SK | ||
| 245 | 1 | 0 | |a Jedinečné prostredie pre sporenie na dôchodok |b druhý pilier zažil množstvo zmien a onedlho ho čakajú ďalšie |c Pavel Škriniar, Jozef Paška |
| 520 | |a Rozhovor s Jozefom Paškom predsedom predstavenstva Allianz - Slovenská dôchodková správcovská spoločnosť o zmenách v druhom dôchodkovom pilieri. | ||
| 610 | 2 | 0 | |a reformy dôchodkové |
| 610 | 2 | 0 | |a poistenie dôchodkové |
| 610 | 2 | 0 | |a sporenie dôchodkové |
| 100 | 1 | |a Škriniar, Pavel, 1979- | |
| 700 | 1 | |a Paška, Jozef | |